00534nam a22001697a 4500003000900000008004100009040007100050082002600121100003100147245005000178260003600228300002800264505002300292650002100315650001300336650001500349AR-CdUCM190402b ||||| |||| 00| 0 spa d aMUNICIPALIDAD PROVINCIAL DEL CUSCOcBIBLIOTECA MUNICIPAL DEL CUSCO a869.56 /bT73T / 1932 aTorres Araníbar, Luis G. aLa tragedia de los Keshwas :bNovela andina / aArequipa :bTip. Quiroz,c1932. a184 páginas ;c17 cm. aContenido: Novela. aNovelas Peruanas aSiglo XX aLiteratura